000 00569nam a22001697a 4500
999 _c7970
_d7970
003 GBCCL
005 20241126110640.0
008 181122b ||||| |||| 00| 0 eng d
040 _cGBC
082 _aARCH GBC-2007
_bCHI
100 _aChingngaihlun
_913908
245 _aA Study on the Role of the Women in the Bible and Its Implications in Contemporary Christian Family and Church |
_cChingngaihlun
260 _aNew Lamka:
_bGrace Bible Colletge,
_c2007
300 _aiv + 52 p.;
_c21 x 29 cm.
650 _aWomen
_vChurch
_vFamily
_xContemporary
_913909
942 _2ddc
_cTH